Почему так бывает?: книга для учащихся; для младшего и среднего школьного возраста

Dades bibliogràfiques
Autor principal: Гумилевская М. В. Марта Владимировна
Sumari:Исключено из фонда НТБ ТПУ
Idioma:rus
Publicat: Минск, Народная асвета, 1987
Format: MixedMaterials Llibre
KOHA link:https://koha.lib.tpu.ru/cgi-bin/koha/opac-detail.pl?biblionumber=151073

MARC

LEADER 00000nam0a2200000 4500
001 151073
005 20231031150355.0
020 |a RU  |b 88-5414 
035 |a (RuTPU)RU\TPU\book\163807 
090 |a 151073 
100 |a 20090119d1987 cd y0rusy5003 ca 
101 0 |a rus 
102 |a BY 
105 |a a z 000zy 
200 1 |a Почему так бывает?  |e книга для учащихся  |e для младшего и среднего школьного возраста  |f М. В. Гумилевская 
210 |a Минск  |c Народная асвета  |d 1987 
215 |a 86 с.  |c ил.  |d 22 см 
333 |a Исключено из фонда НТБ ТПУ 
700 1 |a Гумилевская  |b М. В.  |g Марта Владимировна  |4 070 
801 0 |a RU  |b RuMRKP  |c 19950417  |g psbo 
801 1 |a RU  |b 63413507  |c 20090119  |g PSBO 
801 2 |a RU  |b 63413507  |c 20110513  |g PSBO 
942 |c BK